LEADER 01640nam 2200517 450 001 9910798318903321 005 20230807211805.0 010 $a1-4982-0147-4 035 $a(CKB)3710000000719233 035 $a(SSID)ssj0001674616 035 $a(PQKBManifestationID)16473435 035 $a(PQKBTitleCode)TC0001674616 035 $a(PQKBWorkID)14224193 035 $a(PQKB)10575987 035 $a(MiAaPQ)EBC4534383 035 $a(Au-PeEL)EBL4534383 035 $a(CaPaEBR)ebr11215433 035 $a(OCoLC)951223309 035 $a(EXLCZ)993710000000719233 100 $a20160617h20152015 uy 0 101 0 $aeng 135 $aurcnu|||||||| 181 $ctxt 182 $cc 183 $acr 200 10$aWomen and worship at Corinth $ePaul's rhetorical arguments in 1 Corinthians /$fLucy Peppiatt ; foreword by Douglas Campbell 210 1$aEugene, Oregon :$cCascade Books,$d2015. 210 4$d©2015 215 $a1 online resource (160 pages) 300 $aBibliographic Level Mode of Issuance: Monograph 311 $a1-4982-0146-6 320 $aIncludes bibliographical references and index. 606 $aWomen$xReligious aspects$xChristianity 606 $aEquality$xBiblical teaching 615 0$aWomen$xReligious aspects$xChristianity. 615 0$aEquality$xBiblical teaching. 676 $a227.206 700 $aPeppiatt$b Lucy$01568166 702 $aCampbell$b Douglas A$g(Douglas Atchison),$f1961- 801 0$bMiAaPQ 801 1$bMiAaPQ 801 2$bMiAaPQ 906 $aBOOK 912 $a9910798318903321 996 $aWomen and worship at Corinth$93840127 997 $aUNINA LEADER 02775nam 2200613 450 001 9910807342803321 005 20230120090847.0 010 $a84-9180-466-8 010 $a84-9180-465-X 035 $a(CKB)4100000009152029 035 $a(MiAaPQ)EBC5885392 035 $a(OCoLC)1126312436 035 $a(FINmELB)ELB117488 035 $a(MiAaPQ)EBC7026143 035 $a(Au-PeEL)EBL7026143 035 $a(EXLCZ)994100000009152029 100 $a20230120d2019 uy 0 101 0 $aspa 135 $aurcnu|||||||| 181 $ctxt$2rdamedia/spa 182 $cc$2rdamedia/spa 183 $2rdacarrier/spa 200 13$aEl mitin en Espan?a $ede la plaza de toros a la sen?al institucional /$fRafael Sa?nchez Sa?nchez ; pro?logo de Jorge Marti?nez Reverte 205 $aPrimera edicio?n en lengua castellana. 210 1$aBarcelona :$cEditorial UOC,$d[2019] 210 4$d©2019 215 $a1 recurso en li?nea (237 pa?ginas) 225 1 $aComunicacio?n ;$v622 300 $aContiene anexos. 311 $a84-9180-464-1 320 $aIncludes bibliographical references. 330 $aLa Segunda República, etapa histórica en la que prestigiosos oradores consiguieron llenar plazas de toros y grandes recintos deportivos, es el punto de partida de un recorrido por la evolución del mitin como evento de propaganda política imprescindible en las campañas electorales. Rafael Sánchez analiza en este libro los cambios experimentados por estos actos de masas tanto al albor de los avances tecnológicos como del uso, por parte del PSOE y el PP, de medios audiovisuales propios para grabar y difundir las imágenes de sus mítines en las televisiones. El autor desvela, además, anécdotas de la trastienda de los mítines desconocidas hasta ahora y contadas de primera mano por sus protagonistas. 410 0$aManuales (Editorial UOC).$pComunicacio?n ;$v622. 606 $aPolitical oratory 606 $aPolitical oratory$zSpain$xHistory 606 $aRhetoric$xPolitical aspects$zSpain$xHistory 606 $aPolitical campaigns$zSpain$xHistory 606 $aMass media$xPolitical aspects$zSpain$xHistory 606 $aCommunication in politics$zSpain$xHistory 615 0$aPolitical oratory. 615 0$aPolitical oratory$xHistory. 615 0$aRhetoric$xPolitical aspects$xHistory. 615 0$aPolitical campaigns$xHistory. 615 0$aMass media$xPolitical aspects$xHistory. 615 0$aCommunication in politics$xHistory. 676 $a808.51088329 700 $aSa?nchez Sa?nchez$b Rafael$f1954-$01676924 801 0$bMiAaPQ 801 1$bMiAaPQ 801 2$bMiAaPQ 906 $aBOOK 912 $a9910807342803321 996 $aEl mitin en Espan?a$94043406 997 $aUNINA